[Event "aut_ychb14 St. Georgen"]
[Site "?"]
[Date "2007.??.??"]
[Round "6.8"]
[White "Moerwald, Stefan"]
[Black "Guetz, Andreas"]
[Result "1-0"]
[WhiteElo "1562"]
[BlackElo "1527"]
[PlyCount "33"]
[EventDate "2007.05.26"]

1. e4 c5 2. Nf3 Nc6 3. d4 cxd4 4. Nxd4 Nf6 5. Nc3 e5 6. Nb3 Bb4 7. Bd2 Bxc3 8.
Bxc3 Nxe4 9. Qg4 Ng5 10. O-O-O d6 11. Qg3 O-O 12. Bd3 Be6 13. h4 Bxb3 14. hxg5
Bxa2 15. Bxh7+ Kh8 16. Bd3+ Kg8 17. Rh8+ 1-0

[Event "aut_ychb14 St. Georgen"]
[Site "?"]
[Date "2007.??.??"]
[Round "6.9"]
[White "Matt, Fabian"]
[Black "Mrakotsky, Mario"]
[Result "1-0"]
[WhiteElo "1509"]
[BlackElo "1648"]
[PlyCount "133"]
[EventDate "2007.05.26"]

1. e4 c5 2. Nf3 Nc6 3. d4 cxd4 4. Nxd4 e5 5. Nb5 d6 6. N1c3 a6 7. Na3 b5 8. Nd5
Nf6 9. Bg5 Be7 10. Bxf6 Bxf6 11. c3 O-O 12. Nc2 Bg5 13. Nce3 Bxe3 14. Nxe3 Be6
15. g3 Ne7 16. Bg2 Rb8 17. Nd5 f5 18. O-O Bxd5 19. exd5 f4 20. Bh3 Ng6 21. Be6+
Kh8 22. Kh1 Rf6 23. Qe1 Nf8 24. Bg4 Rh6 25. b3 Qg5 26. Qe2 e4 27. Kg1 Re8 28.
gxf4 Qxf4 29. h3 Rg6 30. Kh1 Re5 31. Qe3 Qf6 32. c4 bxc4 33. bxc4 Qh4 34. Qg3
Qh6 35. Rae1 Nd7 36. Rb1 Re8 37. Qe3 Ne5 38. Qxh6 Rxh6 39. Kg2 Nxg4 40. hxg4
Rf6 41. Rb6 Ra8 42. Rfb1 Kg8 43. Rb8+ Rxb8 44. Rxb8+ Kf7 45. Ra8 a5 46. Rxa5
Rf3 47. a4 Rc3 48. Ra7+ Kf6 49. Rc7 Ra3 50. g5+ Kg6 51. Rc6 Rxa4 52. Rxd6+ Kxg5
53. c5 Kf5 54. c6 Ra8 55. c7 Rc8 56. Rc6 Ke5 57. d6 Ke6 58. Rb6 Kd7 59. Rb8 h6
60. Rxc8 Kxc8 61. Kg3 g6 62. Kf4 h5 63. Kxe4 Kd7 64. f4 Kc8 65. f5 gxf5+ 66.
Kxf5 h4 67. Kg4 1-0

[Event "aut_ychb14 St. Georgen"]
[Site "?"]
[Date "2007.??.??"]
[Round "6.10"]
[White "Salzer, Tobias"]
[Black "Mueller, Sebastian"]
[Result "1-0"]
[WhiteElo "1427"]
[BlackElo "1395"]
[PlyCount "125"]
[EventDate "2007.05.26"]

1. d4 d5 2. c4 e6 3. Nf3 Nf6 4. Bg5 Be7 5. e3 O-O 6. Bd3 h6 7. Bh4 b6 8. O-O
Bb7 9. Nc3 Ne4 10. Bxe7 Qxe7 11. Bxe4 dxe4 12. Nd2 Qb4 13. Qb3 Qxb3 14. Nxb3
Nd7 15. a4 a5 16. Nd2 f5 17. Rab1 c5 18. b3 Rfd8 19. Nb5 Bc6 20. Nc7 Ra7 21.
Nxe6 Re8 22. Nf4 g5 23. Ne2 Nf6 24. Nc3 cxd4 25. exd4 Rd7 26. d5 Bb7 27. Rfe1
Bc6 28. h3 Kf7 29. Nf1 Bb7 30. Ne3 Kg6 31. Nc2 Rc8 32. Re2 Bxd5 33. Nxd5 Nxd5
34. cxd5 Rxd5 35. Ne3 Rd6 36. Nc4 Re6 37. Rc2 Rf8 38. Rd1 Rff6 39. Rd5 h5 40.
Ne5+ Kh6 41. Rc7 g4 42. hxg4 hxg4 43. g3 Kg5 44. Nf7+ Kh5 45. Nh8 Kh6 46. Rdd7
Kh5 47. Rh7+ Rh6 48. Rxh6+ Rxh6 49. Nf7 Rh7 50. Rd7 Rg7 51. Kf1 Kg6 52. Ne5+
Kf6 53. Rxg7 Kxg7 54. Nd7 Kg6 55. Nxb6 Kg5 56. Nc4 f4 57. gxf4+ Kxf4 58. Nxa5
e3 59. fxe3+ Kxe3 60. Kg2 Kd3 61. Nc4 Kc3 62. a5 Kb4 63. a6 1-0

[Event "aut_ychb14 St. Georgen"]
[Site "?"]
[Date "2007.??.??"]
[Round "7.1"]
[White "Azad, Razik"]
[Black "Handler, Lukas"]
[Result "1-0"]
[WhiteElo "1974"]
[BlackElo "1630"]
[PlyCount "51"]
[EventDate "2007.05.26"]

1. e4 c6 2. Nc3 d5 3. Nf3 Bg4 4. h3 Bh5 5. g4 Bg6 6. exd5 cxd5 7. Ne5 a6 8. h4
d4 9. Nxg6 hxg6 10. Ne4 e5 11. Ng5 Be7 12. d3 Nf6 13. Qf3 Qc7 14. Bd2 Nbd7 15.
Bg2 Rc8 16. Qxb7 Qxb7 17. Bxb7 Rxc2 18. Bxa6 Rxb2 19. Bc4 O-O 20. h5 gxh5 21.
gxh5 Ng4 22. Ne4 Nc5 23. Nxc5 Bxc5 24. Rg1 Nf6 25. h6 g6 26. Rxg6+ 1-0

[Event "aut_ychb14 St. Georgen"]
[Site "?"]
[Date "2007.??.??"]
[Round "7.3"]
[White "Schnegg, Daniel"]
[Black "Kammerer, Gernot"]
[Result "1-0"]
[WhiteElo "1924"]
[BlackElo "1687"]
[PlyCount "137"]
[EventDate "2007.05.26"]

1. e4 c5 2. Nf3 Nc6 3. d4 cxd4 4. Nxd4 g6 5. Nc3 Bg7 6. Be3 Nf6 7. Nxc6 bxc6 8.
e5 Nd5 9. Nxd5 cxd5 10. Qxd5 Rb8 11. Bxa7 Rxb2 12. Bd4 Rb8 13. Bc4 O-O 14. O-O
Bb7 15. Qc5 Qc8 16. Qxc8 Rfxc8 17. Bb3 d5 18. f4 e6 19. Kf2 Bf8 20. Ke3 Ba6 21.
Rfd1 Bb4 22. Rab1 Bc3 23. Bxc3 Rxc3+ 24. Kd4 Rbc8 25. Re1 Kf8 26. Rbc1 Bb5 27.
Re3 R3c7 28. Rg3 Ba4 29. Kd3 Bb5+ 30. Kd2 d4 31. Rh3 h5 32. c3 Kg7 33. Rc2
dxc3+ 34. Rhxc3 Rd7+ 35. Kc1 Rcd8 36. Rf2 Rd4 37. Kb2 Rd2+ 38. Rc2 R2d4 39. g3
h4 40. g4 Re4 41. Rc7 Rd7 42. Rxd7 Bxd7 43. Bc2 Re3 44. g5 Bc6 45. Kc1 Rc3 46.
Kd2 Rc4 47. Bd3 Ra4 48. Kc3 Bd5 49. Bb1 Kf8 50. Kb2 Rb4+ 51. Ka1 Ra4 52. Bd3
Ke7 53. Kb1 Kd8 54. Ka1 Kc7 55. Bb5 Ra8 56. a4 Kb6 57. Rc2 Ka5 58. Kb2 Ra7 59.
Ka3 Rb7 60. Rc5 Kb6 61. Kb4 Ra7 62. Rc8 Kb7 63. Rf8 Kb6 64. Rd8 Kc7 65. Rd7+
Kb6 66. Rxa7 Kxa7 67. Be8 Be4 68. Bxf7 Bf5 69. Kc5 1-0

[Event "aut_ychb14 St. Georgen"]
[Site "?"]
[Date "2007.??.??"]
[Round "7.4"]
[White "Wertjanz, David"]
[Black "Hartl, Daniel"]
[Result "0-1"]
[WhiteElo "1885"]
[BlackElo "1969"]
[PlyCount "50"]
[EventDate "2007.05.26"]

1. e4 e5 2. Nf3 Nc6 3. Bb5 f5 4. d4 fxe4 5. Nxe5 Nxe5 6. dxe5 c6 7. Bc4 Qa5+ 8.
Nc3 Qxe5 9. Be3 d5 10. Bb3 Nf6 11. Qd2 Bd6 12. h3 Bf5 13. O-O-O O-O 14. Rhe1
Qe7 15. Bd4 Kh8 16. f3 Qc7 17. fxe4 Nxe4 18. Nxe4 Bxe4 19. Kb1 a5 20. a3 b5 21.
Qe2 c5 22. Be3 c4 23. Ba2 b4 24. Ka1 bxa3 25. bxa3 Bxa3 0-1

[Event "aut_ychb14 St. Georgen"]
[Site "?"]
[Date "2007.??.??"]
[Round "7.5"]
[White "Kozomara, David"]
[Black "Moerwald, Stefan"]
[Result "1-0"]
[WhiteElo "1748"]
[BlackElo "1562"]
[PlyCount "55"]
[EventDate "2007.05.26"]

1. e4 e6 2. Qe2 b6 3. g3 Ba6 4. d3 Bb7 5. Bg2 Nc6 6. c3 Nf6 7. f4 d6 8. Nf3 g6
9. O-O Bg7 10. Nbd2 Qe7 11. d4 O-O-O 12. b4 d5 13. e5 Nd7 14. a4 a6 15. Ba3 Qe8
16. Rfc1 Bf8 17. b5 Ncb8 18. c4 Bxa3 19. Rxa3 Nf8 20. c5 Qe7 21. cxb6 Rd7 22.
Rac3 axb5 23. axb5 c6 24. Nb3 Kd8 25. Qc2 Ke8 26. bxc6 Nxc6 27. Rxc6 Bxc6 28.
Qxc6 1-0

[Event "aut_ychb14 St. Georgen"]
[Site "?"]
[Date "2007.??.??"]
[Round "7.6"]
[White "Gerhold, Christoph"]
[Black "Riemelmoser, Stefan"]
[Result "1-0"]
[WhiteElo "1689"]
[BlackElo "1717"]
[PlyCount "105"]
[EventDate "2007.05.26"]

1. c4 e6 2. d4 d5 3. Nc3 Be7 4. cxd5 exd5 5. Bf4 c6 6. e3 Bf5 7. Bd3 Bxd3 8.
Qxd3 Nf6 9. Nf3 Nbd7 10. O-O Nh5 11. Be5 Nxe5 12. Nxe5 Nf6 13. Rab1 a5 14. Qc2
O-O 15. a3 Nd7 16. Nxd7 Qxd7 17. b4 b5 18. Rfc1 Rfc8 19. Rb3 axb4 20. axb4 Bd6
21. h3 Rc7 22. Ne2 Ra4 23. Rcb1 Rca7 24. Nc1 R7a6 25. Nd3 Qf5 26. Rc3 Ra1 27.
Qc1 R1a2 28. Rb2 g6 29. Qc2 Ra1+ 30. Rb1 R6a2 31. Qc1 Rxb1 32. Qxb1 Rxf2 33.
Qd1 Ra2 34. Rxc6 Bg3 35. Qf3 Ra1+ 36. Nc1 Qxf3 37. gxf3 Be1 38. Kg2 Bxb4 39.
Nd3 Bd2 40. e4 dxe4 41. fxe4 Ra3 42. Nc5 Be3 43. d5 Ra2+ 44. Kf3 Bxc5 45. Rxc5
b4 46. Rb5 Rb2 47. d6 Rd2 48. e5 Kg7 49. Rxb4 f6 50. Rb7+ Kf8 51. Kf4 Rd5 52.
exf6 h5 53. d7 1-0

[Event "aut_ychb14 St. Georgen"]
[Site "?"]
[Date "2007.??.??"]
[Round "7.7"]
[White "Lehner, Konrad"]
[Black "Salzer, Tobias"]
[Result "1-0"]
[WhiteElo "1724"]
[BlackElo "1427"]
[PlyCount "73"]
[EventDate "2007.05.26"]

1. e4 e5 2. Nf3 Nc6 3. Nc3 Nf6 4. d4 exd4 5. Nxd4 Bb4 6. Nxc6 bxc6 7. Bd3 d5 8.
exd5 cxd5 9. O-O O-O 10. Bg5 Be6 11. Nb5 c5 12. a3 Ba5 13. b4 cxb4 14. Qe1 Bb6
15. Qxb4 d4 16. a4 Nd5 17. Bxd8 Nxb4 18. Bxb6 axb6 19. Nxd4 Bd5 20. Rfb1 Nxd3
21. cxd3 Rfe8 22. h3 Rab8 23. Rb5 Be6 24. Nxe6 Rxe6 25. a5 g6 26. Rab1 Kf8 27.
Rxb6 Rexb6 28. axb6 Ke7 29. Kf1 Kd6 30. Ke2 f5 31. d4 Rb7 32. Kd3 Kd5 33. Rb5+
Kc6 34. Kc4 Rxb6 35. Rxb6+ Kxb6 36. Kd5 Kb5 37. Ke6 1-0

[Event "aut_ychb14 St. Georgen"]
[Site "?"]
[Date "2007.??.??"]
[Round "7.8"]
[White "Guetz, Andreas"]
[Black "Matt, Fabian"]
[Result "0-1"]
[WhiteElo "1527"]
[BlackElo "1509"]
[PlyCount "88"]
[EventDate "2007.05.26"]

1. e4 e5 2. Nf3 Nf6 3. Nxe5 d6 4. Nf3 Nxe4 5. Nc3 Nxc3 6. dxc3 Be7 7. Bf4 O-O
8. Qd2 Be6 9. Nd4 Nc6 10. Nxe6 fxe6 11. O-O-O a5 12. Bd3 Rxf4 13. Kb1 Bg5 14.
Qe2 e5 15. g3 Rf8 16. Qh5 Bh6 17. h4 Qe8 18. Qxe8 Raxe8 19. g4 g6 20. g5 Bg7
21. h5 gxh5 22. Rxh5 e4 23. Bc4+ Kh8 24. g6 h6 25. Rh2 Ne5 26. Bd5 c6 27. Bb3
Nxg6 28. Rxd6 e3 29. Rd1 exf2 30. Rhh1 b5 31. a4 Rf4 32. axb5 cxb5 33. Bd5 Ne5
34. Bg2 Ref8 35. Rhf1 Ng4 36. Rd3 Nh2 37. Rfd1 f1=Q 38. Bxf1 Rxf1 39. Kc1 Rxd1+
40. Kxd1 Ng4 41. Ke1 h5 42. Rd5 Re8+ 43. Kd2 Re5 44. Rd3 Bh6+ 0-1

[Event "aut_ychb14 St. Georgen"]
[Site "?"]
[Date "2007.??.??"]
[Round "7.9"]
[White "Dimitriadis, Philipp"]
[Black "Mueller, Sebastian"]
[Result "1-0"]
[WhiteElo "1718"]
[BlackElo "1395"]
[PlyCount "89"]
[EventDate "2007.05.26"]

1. e4 e6 2. d4 d5 3. Nc3 Bb4 4. e5 Nc6 5. a3 Ba5 6. Be3 Nge7 7. Qg4 g6 8. Nge2
Nf5 9. Bg5 Qd7 10. Qf4 Bb6 11. Rd1 h6 12. Bf6 Rh7 13. h4 h5 14. f3 Nh6 15. Bg5
Ng8 16. g4 hxg4 17. fxg4 Nce7 18. Ng3 c6 19. Bd3 Bd8 20. h5 Rh8 21. Bf6 Nxf6
22. Qxf6 Rh7 23. hxg6 Rxh1+ 24. Nxh1 Nxg6 25. Qg7 Nf8 26. Ng3 Bh4 27. Kf2 Qe7
28. Rh1 Qg5 29. Qxg5 Bxg5 30. Nce2 Bd7 31. Nh5 O-O-O 32. Kg3 Ng6 33. Rf1 Be8
34. Ng7 Kd7 35. Bxg6 fxg6 36. Nxe8 Rxe8 37. Nf4 Rf8 38. Rf2 Bxf4+ 39. Rxf4 Ke7
40. Rxf8 Kxf8 41. Kh4 Kg7 42. Kg5 b6 43. b3 b5 44. b4 a6 45. c3 1-0

[Event "aut_ychb14 St. Georgen"]
[Site "?"]
[Date "2007.??.??"]
[Round "7.10"]
[White "Mrakotsky, Mario"]
[Black "Liao, Kevin"]
[Result "0-1"]
[WhiteElo "1648"]
[BlackElo "1683"]
[PlyCount "90"]
[EventDate "2007.05.26"]

1. e4 c6 2. d4 d5 3. exd5 cxd5 4. Nf3 Nc6 5. Be2 Bf5 6. O-O Nf6 7. a3 e6 8. Bg5
Be7 9. Nbd2 O-O 10. c3 a6 11. Nb3 h6 12. Bh4 Re8 13. Bd3 Ne4 14. Bxe7 Qxe7 15.
h3 Qf6 16. Rc1 b5 17. Kh1 Ne7 18. Ne5 Ng6 19. Nxg6 Qxg6 20. Qf3 Nxf2+ 21. Rxf2
Bxd3 22. Nc5 Bc4 23. Re1 b4 24. axb4 a5 25. bxa5 Rxa5 26. Nd7 f6 27. Qe3 Ra7
28. Nc5 Rae7 29. Qf3 e5 30. b3 e4 31. Qe3 Bb5 32. Rf4 f5 33. Kg1 Qf6 34. h4 g5
35. hxg5 hxg5 36. Qg3 Rg7 37. Rf2 Qg6 38. Rc2 f4 39. Qg4 Rh7 40. Ra2 Qh6 41.
Kf2 e3+ 42. Kf3 Qf6 43. Rb2 Rh4 44. Nd7 Qg6 45. Ne5 Qe4# 0-1